000 00633cam2a220021700 4500
001 zam00002409
008 951128s1974 xx eng u
035 _a(Sirsi) r19776
035 _a(MACHINE)SLC.
100 0 _aA. S. Amin, 1929-
_dA. S. Amin, 1929-
_6A80710.1
245 1 0 _aAccumulation on a world scale Vol. 1.
260 _c1974.
949 _aHG3881
_wlcc
_mMAIN
_tBOOK
_lON-SHELF
004 19776
591 _aClass code: H 240.
591 _aCourse: Studies in the growth of capitalism.
591 _aSchool: S05.
591 _aLecturer: Dr. KALIKITI, W.S.
591 _aNumber of Students: 12.
909 _aBook
999 _c168883
_d168883